[Event "WchT Seniors 65"]
[Site "Acqui Terme"]
[Date "2022.06.29"]
[Round "9.1"]
[White "Snape, Ian L"]
[Black "Berkovich, Mark A"]
[Result "1/2-1/2"]
[WhiteElo "2127"]
[BlackElo "2337"]
[PlyCount "45"]
[EventDate "2022.06.20"]
[EventType "team-tourn"]
[EventRounds "9"]
[EventCountry "ITA"]
[SourceTitle "CBM 209 Extra"]
[Source "ChessBase"]
[SourceDate "2022.09.30"]
[SourceVersion "1"]
[SourceVersionDate "2022.09.30"]
[SourceQuality "1"]
[WhiteTeam "England 65"]
[BlackTeam "Israel 65"]
[WhiteTeamCountry "ENG"]
[BlackTeamCountry "ISR"]

1. c4 e5 2. Nc3 Bb4 3. Nd5 Be7 4. d4 d6 5. Nf3 Nf6 6. Nxe7 Qxe7 7. e3 0-0 8. Be2 Re8 9. 0-0 e4 10. Ne1 Bf5 11. f4 exf3 12. gxf3 c5 13. d5 Nbd7 14. Rf2 Ne5 15. Ng2 Ng6 16. Bd2 Bh3 17. Bd3 b5 18. cxb5 Nxd5 19. Be4 Qe5 20. Bc1 Be6 21. Bxg6 hxg6 22. e4 Nc7 23. Bf4 1/2-1/2

[Event "ISR-chT"]
[Site "Israel"]
[Date "2022.03.04"]
[Round "9.4"]
[White "Berkovich, Mark A"]
[Black "Kogan, Artur"]
[Result "1/2-1/2"]
[WhiteElo "2329"]
[BlackElo "2485"]
[PlyCount "45"]
[EventDate "2022.01.14"]
[EventType "team-tourn"]
[EventRounds "11"]
[EventCountry "ISR"]
[SourceTitle "EXT 2023"]
[Source "ChessBase"]
[SourceDate "2022.10.05"]
[SourceVersion "1"]
[SourceVersionDate "2022.10.05"]
[SourceQuality "1"]
[WhiteTeam "Haifa Nesher"]
[BlackTeam "Ashdod"]
[WhiteTeamCountry "ISR"]
[BlackTeamCountry "ISR"]

1. Nf3 d5 2. g3 Nc6 3. d4 Bf5 4. Bg2 Nb4 5. Na3 e6 6. 0-0 Nf6 7. Ne5 Bd6 8. c3 Nc6 9. Nxc6 bxc6 10. Nc2 0-0 11. Bg5 h6 12. Bxf6 Qxf6 13. f3 Bxc2 14. Qxc2 c5 15. Rad1 Rab8 16. e4 Qg6 17. Rf2 Rb6 18. exd5 exd5 19. Qxg6 fxg6 20. f4 c6 21. b3 Re8 22. Kf1 a5 23. Re2 1/2-1/2

[Event "EUR-chT Seniors 65"]
[Site "Prague"]
[Date "2021.09.03"]
[Round "5.3"]
[White "Berkovich, Mark A"]
[Black "Neckar, Lubomir"]
[Result "1/2-1/2"]
[WhiteElo "2323"]
[BlackElo "2274"]
[PlyCount "73"]
[EventDate "2021.08.30"]
[EventType "team-swiss"]
[EventRounds "9"]
[EventCountry "CZE"]
[SourceTitle "CBM 204 Extra"]
[Source "ChessBase"]
[SourceDate "2021.11.30"]
[SourceVersion "1"]
[SourceVersionDate "2021.11.30"]
[SourceQuality "1"]
[WhiteTeam "Israel 65"]
[BlackTeam "Lysa nad Labem 65"]
[WhiteTeamCountry "ISR"]
[BlackTeamCountry "CZE"]

1. e4 Nf6 2. e5 Nd5 3. Nc3 Nxc3 4. dxc3 d6 5. Nf3 Nc6 6. Bb5 Bd7 7. Qe2 Nxe5 8. Nxe5 dxe5 9. Qxe5 f6 10. Qe2 e5 11. Be3 Bd6 12. 0-0-0 0-0 13. Bc5 Be6 14. Bc4 Qe7 15. Bxd6 cxd6 16. Bd5 Rac8 17. Rd3 Rc5 18. Rhd1 Rxd5 19. Rxd5 Bxd5 20. Rxd5 Rc8 21. Qd3 Rc6 22. c4 g6 23. b4 b6 24. b5 Rc7 25. Rxd6 Kg7 26. Kb2 f5 27. Kb3 Qh4 28. Rc6 Rf7 29. Qg3 Qe4 30. Re6 f4 31. Qf3 Qe1 32. Qc3 Qxf2 33. Rxe5 Kh6 34. Qh3+ Kg7 35. Qc3 Kh6 36. Qh3+ Kg7 37. Qc3 1/2-1/2

[Event "EUR-chT Seniors 65"]
[Site "Prague"]
[Date "2021.08.30"]
[Round "1.3"]
[White "Segal, Yosef"]
[Black "Berkovich, Mark A"]
[Result "0-1"]
[WhiteElo "1814"]
[BlackElo "2323"]
[PlyCount "36"]
[EventDate "2021.08.30"]
[EventType "team-swiss"]
[EventRounds "9"]
[EventCountry "CZE"]
[SourceTitle "CBM 204 Extra"]
[Source "ChessBase"]
[SourceDate "2021.11.30"]
[SourceVersion "1"]
[SourceVersionDate "2021.11.30"]
[SourceQuality "1"]
[WhiteTeam "Israel 65 II"]
[BlackTeam "Israel 65"]
[WhiteTeamCountry "ISR"]
[BlackTeamCountry "ISR"]

1. d4 d5 2. c4 e6 3. Nc3 Bb4 4. e3 Nf6 5. Bd3 0-0 6. Nge2 dxc4 7. Bxc4 e5 8. 0-0 Nc6 9. d5 Ne7 10. e4 Ng6 11. Ng3 a6 12. h3 Bc5 13. Qd3 Nf4 14. Bxf4 exf4 15. Nge2 Nd7 16. Nxf4 Ne5 17. Qe2 Qg5 18. Nd3 Bxh3 0-1

[Event "Tetraktys Concept Mgmt"]
[Site "Europe Echecs INT"]
[Date "2021.06.06"]
[Round "3"]
[White "Berkovich, Mark A"]
[Black "Sindarov, Javokhir"]
[Result "0-1"]
[WhiteElo "2324"]
[BlackElo "2558"]
[PlyCount "60"]
[EventDate "2021.06.06"]
[EventType "swiss (blitz)"]
[EventRounds "11"]
[EventCountry "FRA"]
[SourceTitle "CBM 202 Extra"]
[Source "ChessBase"]
[SourceDate "2021.07.31"]
[SourceVersion "1"]
[SourceVersionDate "2021.07.31"]
[SourceQuality "1"]

1. Nf3 Nf6 2. g3 g6 3. Bg2 Bg7 4. 0-0 0-0 5. d4 d6 6. b3 c5 7. c4 Nc6 8. Bb2 Bg4 9. dxc5 dxc5 10. Nbd2 Qc7 11. h3 Bf5 12. Nh4 Be6 13. Qc1 Rad8 14. Bc3 b6 15. Qb2 Nh5 16. Bxg7 Nxg7 17. Nhf3 Nd4 18. Rfe1 Ngf5 19. Ng5 Nxg3 20. fxg3 Qxg3 21. Nxe6 fxe6 22. Ne4 Qe3+ 23. Kh1 Rf4 24. Nc3 Nf5 25. Rad1 Rxd1 26. Rxd1 Rf2 27. Ne4 Rxg2 28. Kxg2 Qxe4+ 29. Kf2 Qh4+ 30. Kg1 Qg3+ 0-1

[Event "Tetraktys Concept Mgmt"]
[Site "Europe Echecs INT"]
[Date "2021.06.06"]
[Round "1"]
[White "Berkovich, Mark A"]
[Black "Wiot, Philippe"]
[Result "1-0"]
[WhiteElo "2324"]
[BlackElo "1435"]
[PlyCount "59"]
[EventDate "2021.06.06"]
[EventType "swiss (blitz)"]
[EventRounds "11"]
[EventCountry "FRA"]
[SourceTitle "CBM 202 Extra"]
[Source "ChessBase"]
[SourceDate "2021.07.31"]
[SourceVersion "1"]
[SourceVersionDate "2021.07.31"]
[SourceQuality "1"]

1. Nf3 Nf6 2. d4 d5 3. g3 e6 4. Bg2 b6 5. 0-0 Bb7 6. c4 Be7 7. Nc3 c6 8. Qc2 0-0 9. e4 dxe4 10. Nxe4 Nbd7 11. Bf4 Nxe4 12. Qxe4 Nf6 13. Qe2 Bd6 14. Be5 Ng4 15. Rad1 Qc7 16. Bxd6 Qxd6 17. Rfe1 Nf6 18. Ne5 Rac8 19. Qe3 Nd7 20. c5 Qe7 21. b4 b5 22. h4 f6 23. Nd3 Rfe8 24. Bh3 f5 25. Nf4 Nf8 26. Bxf5 g6 27. Bh3 Rcd8 28. h5 g5 29. Nxe6 Nxe6 30. Bxe6+ 1-0

[Event "Tetraktys Concept Mgmt"]
[Site "Europe Echecs INT"]
[Date "2021.06.06"]
[Round "10"]
[White "Drygalov, Andrey"]
[Black "Berkovich, Mark A"]
[Result "1-0"]
[WhiteElo "2509"]
[BlackElo "2324"]
[PlyCount "57"]
[EventDate "2021.06.06"]
[EventType "swiss (blitz)"]
[EventRounds "11"]
[EventCountry "FRA"]
[SourceTitle "CBM 202 Extra"]
[Source "ChessBase"]
[SourceDate "2021.07.31"]
[SourceVersion "1"]
[SourceVersionDate "2021.07.31"]
[SourceQuality "1"]

1. e4 c6 2. d4 d5 3. e5 c5 4. dxc5 Nc6 5. f4 Nh6 6. Nf3 Bg4 7. Be3 Nf5 8. Bf2 e6 9. c3 Be7 10. h3 Bxf3 11. Qxf3 0-0 12. Bd3 f6 13. exf6 Rxf6 14. g4 Nh6 15. Qe3 d4 16. cxd4 Nb4 17. Nc3 Rxf4 18. Be4 Bg5 19. Qe2 Bh4 20. Rf1 Qg5 21. Bxh4 Qxh4+ 22. Kd2 Raf8 23. Rxf4 Rxf4 24. Rf1 Rxf1 25. Qxf1 Nf7 26. a3 Nc6 27. d5 Nce5 28. dxe6 Ng5 29. Bd5 1-0

[Event "Europe Echecs Blitz May op"]
[Site "Europe Echecs INT"]
[Date "2021.05.09"]
[Round "6"]
[White "Berkovich, Mark A"]
[Black "Heng, Jim"]
[Result "1-0"]
[WhiteElo "2326"]
[BlackElo "1921"]
[PlyCount "55"]
[EventDate "2021.05.09"]
[EventType "swiss (blitz)"]
[EventRounds "11"]
[EventCountry "FRA"]
[SourceTitle "CBM 202 Extra"]
[Source "ChessBase"]
[SourceDate "2021.07.31"]
[SourceVersion "1"]
[SourceVersionDate "2021.07.31"]
[SourceQuality "1"]

1. Nf3 Nf6 2. g3 d5 3. Bg2 e6 4. 0-0 Be7 5. b3 0-0 6. Bb2 c5 7. d4 Nc6 8. dxc5 Bxc5 9. a3 Re8 10. c4 dxc4 11. bxc4 Qc7 12. Nc3 a6 13. Rb1 Bd7 14. Qc2 Na5 15. Na4 Be7 16. Nb6 Qxb6 17. Bxf6 Qc7 18. Bxe7 Rxe7 19. Ng5 g6 20. Ne4 Qxc4 21. Nf6+ Kg7 22. Qb2 e5 23. Nd5 Re6 24. Rfc1 Qg4 25. Nc7 Rae8 26. Qd2 Nc6 27. Qxd7 R8e7 28. Nxe6+ 1-0

[Event "Europe Echecs Blitz May op"]
[Site "Europe Echecs INT"]
[Date "2021.05.09"]
[Round "5"]
[White "Emmenecker, Philippe"]
[Black "Berkovich, Mark A"]
[Result "1-0"]
[WhiteElo "2053"]
[BlackElo "2326"]
[PlyCount "49"]
[EventDate "2021.05.09"]
[EventType "swiss (blitz)"]
[EventRounds "11"]
[EventCountry "FRA"]
[SourceTitle "CBM 202 Extra"]
[Source "ChessBase"]
[SourceDate "2021.07.31"]
[SourceVersion "1"]
[SourceVersionDate "2021.07.31"]
[SourceQuality "1"]

1. d4 Nf6 2. c4 e6 3. Nf3 b6 4. g3 Bb7 5. Bg2 Be7 6. 0-0 0-0 7. Re1 Na6 8. Nc3 Ne4 9. Nxe4 Bxe4 10. a3 c5 11. b3 cxd4 12. Nxd4 Bxg2 13. Kxg2 Bf6 14. Bb2 Nc5 15. e4 d6 16. b4 Nd7 17. f4 Qc7 18. Rc1 Qb7 19. Kg1 Nc5 20. e5 dxe5 21. fxe5 Bg5 22. bxc5 bxc5 23. Nf3 Bxc1 24. Bxc1 Qb3 25. Qxb3 1-0

[Event "Europe Echecs Blitz May op"]
[Site "Europe Echecs INT"]
[Date "2021.05.09"]
[Round "7"]
[White "Vine, Thibault"]
[Black "Berkovich, Mark A"]
[Result "0-1"]
[WhiteElo "1850"]
[BlackElo "2326"]
[PlyCount "156"]
[EventDate "2021.05.09"]
[EventType "swiss (blitz)"]
[EventRounds "11"]
[EventCountry "FRA"]
[SourceTitle "CBM 202 Extra"]
[Source "ChessBase"]
[SourceDate "2021.07.31"]
[SourceVersion "1"]
[SourceVersionDate "2021.07.31"]
[SourceQuality "1"]

1. e4 e5 2. Nf3 Nc6 3. Bc4 Nf6 4. d3 h6 5. 0-0 d6 6. Be3 g6 7. Qd2 Ng4 8. c3 Bg7 9. h3 Nxe3 10. fxe3 0-0 11. d4 Na5 12. Bd3 Be6 13. b4 Nc4 14. Qe2 Nb6 15. a4 a5 16. d5 Bd7 17. b5 c6 18. c4 cxb5 19. cxb5 Qe7 20. Nbd2 Rfc8 21. Nc4 Nxc4 22. Bxc4 h5 23. Rac1 Bh6 24. Rc3 Rc5 25. Rfc1 Rac8 26. Nd2 b6 27. Qf3 Be8 28. Nb3 R5c7 29. Nd2 Qg5 30. Nf1 h4 31. Qe2 Rc5 32. Qf3 Qe7 33. Nh2 Qc7 34. Qe2 Qe7 35. Ng4 Bg5 36. Nf2 Bd7 37. Nd3 R5c7 38. Ne1 Bh6 39. Nf3 Qf6 40. Qf2 Be8 41. Qxh4 Qxh4 42. Nxh4 Bd7 43. Kf2 f5 44. exf5 gxf5 45. Nf3 Kf7 46. Ke2 Kf6 47. Kd2 Rg8 48. Ne1 Rg3 49. Ke2 Rc5 50. Kf2 Rg8 51. Nd3 Rc7 52. Ne1 Rgc8 53. Ke2 e4 54. R1c2 Ke5 55. g3 Rg8 56. Kf2 Be8 57. Bf1 Rcg7 58. g4 fxg4 59. hxg4 Rxg4 60. Ke2 Bh5 61. Kd2 Rg3 62. Kc1 Rf8 63. Bc4 Rff3 64. Re2 Rf6 65. Kd2 Rg1 66. Rh2 Bf3 67. Be2 Bxe2 68. Rxe2 Rf3 69. Rc6 Rfg3 70. Rxb6 Rh3 71. Nc2 Rhh1 72. Nd4 Rd1+ 73. Kc3 Rd3+ 74. Kc2 Bxe3 75. Nc6+ Kxd5 76. Kb2 Rhd1 77. Rc2 Bd4+ 78. Ka2 Ra1# 0-1

[Event "C'Chartres Blitz op April"]
[Site "Europe Echecs INT"]
[Date "2021.04.10"]
[Round "5"]
[White "Berkovich, Mark A"]
[Black "Briand, Amaury"]
[Result "1-0"]
[WhiteElo "2326"]
[BlackElo "2014"]
[PlyCount "53"]
[EventDate "2021.04.10"]
[EventType "swiss (blitz)"]
[EventRounds "11"]
[EventCountry "FRA"]
[SourceTitle "CBM 201 Extra"]
[Source "ChessBase"]
[SourceDate "2021.05.31"]
[SourceVersion "1"]
[SourceVersionDate "2021.05.31"]
[SourceQuality "1"]

1. Nf3 d5 2. g3 Nf6 3. Bg2 c6 4. c4 h6 5. 0-0 Bf5 6. cxd5 cxd5 7. Qb3 Qb6 8. Qxb6 axb6 9. Nc3 Nc6 10. d3 e5 11. e4 dxe4 12. dxe4 Nxe4 13. Nb5 0-0-0 14. Be3 Bc5 15. Rac1 Bxe3 16. fxe3 Rhe8 17. Nh4 g6 18. Nxf5 gxf5 19. Rxf5 Nd6 20. Nxd6+ Rxd6 21. Rxf7 e4 22. Rf4 Rd2 23. Rxe4 Rf8 24. Rf4 Re8 25. Rf2 Rd6 26. Re2 Rde6 27. Bh3 1-0

[Event "C'Chartres Blitz op April"]
[Site "Europe Echecs INT"]
[Date "2021.04.10"]
[Round "3"]
[White "Berkovich, Mark A"]
[Black "Santos Latasa, Jaime"]
[Result "0-1"]
[WhiteElo "2326"]
[BlackElo "2608"]
[PlyCount "66"]
[EventDate "2021.04.10"]
[EventType "swiss (blitz)"]
[EventRounds "11"]
[EventCountry "FRA"]
[SourceTitle "CBM 201 Extra"]
[Source "ChessBase"]
[SourceDate "2021.05.31"]
[SourceVersion "1"]
[SourceVersionDate "2021.05.31"]
[SourceQuality "1"]

1. Nf3 c5 2. g3 Nc6 3. Bg2 e5 4. c4 Nf6 5. 0-0 d5 6. cxd5 Nxd5 7. Nc3 Nc7 8. d3 Be7 9. Nd2 Bd7 10. Nc4 0-0 11. Bxc6 Bxc6 12. Nxe5 Be8 13. Nf3 Kh8 14. Be3 f5 15. Qd2 Bc6 16. Ne5 Be8 17. Nf3 b5 18. Bg5 Bc6 19. Bxe7 Qxe7 20. Qe3 Ne6 21. Ne5 Bb7 22. f4 a6 23. Rac1 Qd6 24. Qf2 Rad8 25. e4 b4 26. Nd5 fxe4 27. dxe4 Ng5 28. Qg2 Nxe4 29. Qxe4 Bxd5 30. Qe3 Ba8 31. Qxc5 Qe6 32. Rf2 Qxa2 33. Qe7 Qd5 0-1

[Event "C'Chartres Blitz op April"]
[Site "Europe Echecs INT"]
[Date "2021.04.10"]
[Round "10"]
[White "Lardon, Quentin"]
[Black "Berkovich, Mark A"]
[Result "0-1"]
[WhiteElo "2028"]
[BlackElo "2326"]
[PlyCount "66"]
[EventDate "2021.04.10"]
[EventType "swiss (blitz)"]
[EventRounds "11"]
[EventCountry "FRA"]
[SourceTitle "CBM 201 Extra"]
[Source "ChessBase"]
[SourceDate "2021.05.31"]
[SourceVersion "1"]
[SourceVersionDate "2021.05.31"]
[SourceQuality "1"]

1. c4 e5 2. Nc3 Nf6 3. g3 c6 4. Bg2 d5 5. cxd5 cxd5 6. d3 Nc6 7. Nf3 h6 8. 0-0 Be7 9. a3 0-0 10. b4 a6 11. Bb2 e4 12. dxe4 dxe4 13. Nd2 e3 14. fxe3 Ng4 15. Nd5 Be6 16. Nxe7+ Qxe7 17. Qc1 Qg5 18. Rf3 Rac8 19. Ne4 Qe7 20. Nc5 Nce5 21. Qd2 Rfd8 22. Qe1 Nxf3+ 23. exf3 Nf6 24. f4 b6 25. Nxe6 Qxe6 26. Rc1 Rxc1 27. Qxc1 Ne4 28. Bd4 Rc8 29. Qd1 f5 30. Qd3 Qa2 31. Qf1 Rc2 32. Bxe4 fxe4 33. f5 Qxa3 0-1

[Event "PNWCC Online Blitz JP 22"]
[Site "Chess.com INT"]
[Date "2021.03.21"]
[Round "8"]
[White "Khanin, Semen"]
[Black "Berkovich, Mark A"]
[Result "1-0"]
[WhiteElo "2506"]
[BlackElo "2326"]
[PlyCount "39"]
[EventDate "2021.03.21"]
[EventType "swiss (blitz)"]
[EventRounds "12"]
[EventCountry "USA"]
[SourceTitle "CBM 201 Extra"]
[Source "ChessBase"]
[SourceDate "2021.05.31"]
[SourceVersion "1"]
[SourceVersionDate "2021.05.31"]
[SourceQuality "1"]

1. e4 c6 2. d4 d5 3. Nd2 dxe4 4. Nxe4 Nf6 5. Nxf6+ exf6 6. c3 Bd6 7. Bd3 0-0 8. Qc2 h5 9. Ne2 Qc7 10. h3 h4 11. Bd2 Be6 12. Rg1 c5 13. dxc5 Qxc5 14. g3 Nc6 15. Be3 Qa5 16. gxh4 Ne5 17. Nd4 Nxd3+ 18. Qxd3 Rfe8 19. 0-0-0 Qa3 20. bxa3 1-0

[Event "PNWCC Online Blitz JP 22"]
[Site "Chess.com INT"]
[Date "2021.03.21"]
[Round "1"]
[White "Terry, Renato"]
[Black "Berkovich, Mark A"]
[Result "1-0"]
[WhiteElo "2504"]
[BlackElo "2326"]
[PlyCount "45"]
[EventDate "2021.03.21"]
[EventType "swiss (blitz)"]
[EventRounds "12"]
[EventCountry "USA"]
[SourceTitle "CBM 201 Extra"]
[Source "ChessBase"]
[SourceDate "2021.05.31"]
[SourceVersion "1"]
[SourceVersionDate "2021.05.31"]
[SourceQuality "1"]

1. e4 e5 2. Nf3 d6 3. d4 exd4 4. Nxd4 Nf6 5. Nc3 Be7 6. Be2 0-0 7. 0-0 Re8 8. Re1 Bf8 9. Bf1 Nc6 10. Bg5 Nxd4 11. Qxd4 Be7 12. Rad1 h6 13. Bf4 Be6 14. e5 dxe5 15. Qxe5 Qc8 16. Qxc7 Bb4 17. Bb5 Qxc7 18. Bxc7 Rec8 19. Be5 Nd5 20. Nxd5 Bxe1 21. Ne7+ Kf8 22. Nxc8 Rxc8 23. Rxe1 1-0

[Event "Cappelle Online Blitz op"]
[Site "Europe Echecs INT"]
[Date "2021.03.07"]
[Round "1"]
[White "Berkovich, Mark A"]
[Black "Coutreel, Michel"]
[Result "1/2-1/2"]
[WhiteElo "2326"]
[BlackElo "1531"]
[PlyCount "64"]
[EventDate "2021.03.07"]
[EventType "swiss (blitz)"]
[EventRounds "11"]
[EventCountry "FRA"]
[SourceTitle "CBM 201 Extra"]
[Source "ChessBase"]
[SourceDate "2021.05.31"]
[SourceVersion "1"]
[SourceVersionDate "2021.05.31"]
[SourceQuality "1"]

1. Nf3 g6 2. e4 Bg7 3. d4 d6 4. Nc3 Nd7 5. Bg5 c5 6. d5 Ngf6 7. Qd2 0-0 8. h4 h5 9. Bh6 Ng4 10. Bxg7 Kxg7 11. 0-0-0 Nde5 12. Nxe5 Nxe5 13. Be2 Bg4 14. f3 Bd7 15. g4 hxg4 16. h5 Rh8 17. hxg6 gxf3 18. gxf7 fxe2 19. Qg5+ Ng6 20. Rdg1 e1Q+ 21. Rxe1 Rxh1 22. Rxh1 e5 23. Qh6+ Kxf7 24. Qh7+ Kf6 25. Rf1+ Nf4 26. Qh6+ Ke7 27. Qg7+ Ke8 28. Rh1 Nh3 29. Qg8+ Ke7 30. Qg7+ Ke8 31. Qg8+ Ke7 32. Qg7+ Ke8 1/2-1/2

[Event "Cappelle Online Blitz op"]
[Site "Europe Echecs INT"]
[Date "2021.03.07"]
[Round "2"]
[White "Fondrat, Johan"]
[Black "Berkovich, Mark A"]
[Result "0-1"]
[WhiteElo "1509"]
[BlackElo "2326"]
[PlyCount "70"]
[EventDate "2021.03.07"]
[EventType "swiss (blitz)"]
[EventRounds "11"]
[EventCountry "FRA"]
[SourceTitle "CBM 201 Extra"]
[Source "ChessBase"]
[SourceDate "2021.05.31"]
[SourceVersion "1"]
[SourceVersionDate "2021.05.31"]
[SourceQuality "1"]

1. e4 c6 2. d4 d5 3. exd5 cxd5 4. Bd3 Nc6 5. h3 Nxd4 6. Nf3 Nxf3+ 7. Qxf3 Nf6 8. 0-0 e6 9. Bg5 Be7 10. Re1 0-0 11. Nd2 a6 12. a4 Bd7 13. Nf1 h6 14. Be3 e5 15. Qd1 Bc6 16. a5 d4 17. Bd2 Bd6 18. Ng3 Re8 19. Nf5 e4 20. Bc4 Be5 21. Bxh6 gxh6 22. Nxh6+ Kg7 23. Nxf7 Qd7 24. Nxe5 Rxe5 25. Qc1 Qf5 26. Ra3 e3 27. fxe3 Qg5 28. e4 Bxe4 29. Qxg5+ Rxg5 30. Rb3 Rxg2+ 31. Kf1 Rxc2 32. Rg3+ Kh8 33. b3 Rf8 34. Kg1 Bc6 35. Rf3 Bxf3 0-1

[Event "Ville d'Orsay online Blitz"]
[Site "Europe Echecs INT"]
[Date "2021.02.07"]
[Round "7"]
[White "Poschadel, Andreas Gregor"]
[Black "Berkovich, Mark A"]
[Result "0-1"]
[WhiteElo "2061"]
[BlackElo "2326"]
[PlyCount "40"]
[EventDate "2021.02.07"]
[EventType "swiss (blitz)"]
[EventRounds "11"]
[EventCountry "FRA"]
[SourceTitle "CBM 200 Extra"]
[Source "ChessBase"]
[SourceDate "2021.03.31"]
[SourceVersion "1"]
[SourceVersionDate "2021.03.31"]
[SourceQuality "1"]

1. e4 e5 2. Nf3 Nc6 3. Bb5 Bb4 4. a3 Ba5 5. b4 Bb6 6. Bb2 Nge7 7. Nxe5 Nxe5 8. Bxe5 0-0 9. 0-0 d5 10. d3 c6 11. Ba4 Ng6 12. Bb2 Qg5 13. Qf3 Be6 14. Nc3 Bd4 15. Rae1 Bg4 16. Qg3 Be5 17. Qe3 Bf4 18. Qc5 Nh4 19. Bc1 Nxg2 20. Kxg2 Be2+ 0-1